000
00380nam a22001577a 4500
003
MPLRDC
005
20220104143348.0
008
210129b ||||| |||| 00| 0 eng d
082
_a
857.9 GL-63 v.2 c.3
100
_a
古龙
245
_a
圆月弯刀. 下
_c
260
_a
_b
汉麟出版社
_c
1978
300
_b
平
650
_a
武侠小说
942
_c
BK
_o
857.9 GL-63 v.2 c.3
999
_c
39157
_d
39147